| 000 | 00672nam a22002057a 4500 | ||
|---|---|---|---|
| 008 | 130821s enk gr eng | ||
| 040 |
_aCo-BoUCM _bspa _c[Nuevo] _d[Nuevo] |
||
| 041 | 0 | 0 | _aeng |
| 100 |
_aKeble, John,1792-1866 _948039 |
||
| 245 | 0 | 4 |
_aThe christian year Theology philosophy _cBy John Keble |
| 260 |
_aLondres (Inglaterra) _bJ. M. Dent Sons _c[fecha desconocida] |
||
| 300 | _a254 páginas | ||
| 500 | _aIndíce | ||
| 600 |
_aCastro Silva _9563 |
||
| 650 | 0 | 4 |
_aLiteratura inglesa _9272 |
| 650 | 0 | 4 |
_aPoesía inglesa _97940 |
| 650 | 0 | 4 |
_aPoesía religiosa _921849 |
| 942 |
_cLIBRO _a18 _e1 _mK33 _n0 _2DEWEY _h821 |
||
| 999 |
_c86024 _d86024 |
||